| 000 | 01623nam a2200445Ii 4500 | ||
|---|---|---|---|
| 001 | DIGOCTA09106 | ||
| 003 | NyNyDIG | ||
| 006 | m o d | ||
| 007 | cr ||||||||||| | ||
| 008 | 131101s2010 sp a ob 000 0 spa d | ||
| 020 |
_a9788499211114 _q(eBook) |
||
| 020 | _z9788499211053 | ||
| 020 | _z8499211054 | ||
| 035 | _a(OCoLC)888273506 | ||
| 040 |
_aDGITA _beng _epn _cDGITA |
||
| 050 | 1 | 4 | _aLC272 eBook |
| 245 | 0 | 0 |
_aPrácticas de ciudadanía : _bdiez experiencias de aprendizaje servicio / _ccoordinadoras: Xus Martín García, Laura Rubio Serrano ; autores: Àngel Arroyes Martínez, ... [et al.]. |
| 264 | 1 |
_aBarcelona : _bEditorial Octaedro, _c2010. |
|
| 300 |
_a1 online resource (203 pages) : _bill. |
||
| 336 |
_atext _btxt _2rdacontent |
||
| 337 |
_acomputer _bc _2rdamedia |
||
| 338 |
_aonline resource _bcr _2rdacarrier |
||
| 490 | 1 |
_aRecursos Octaedro ; _v106. |
|
| 500 | _a"Primera edición digital y en papel: mayo de 2010. | ||
| 504 | _aIncludes bibliographical references (p.197-198). | ||
| 650 | 0 | _aMoral education | |
| 650 | 0 |
_aEducation _xAims and objectives |
|
| 650 | 0 | _aCitizenship | |
| 650 | 0 | _aDemocracy and education | |
| 655 | 0 | _aElectronic books. | |
| 700 | 1 | _aMartín García, María. Jesús. | |
| 700 | 1 | _aRubio i Serrano, Laura. | |
| 700 | 1 | _aArroyes, Àngel. | |
| 791 | 2 |
_aDigitalia (Firm), _edistributor. |
|
| 830 | 0 |
_aRecursos Octaedro ; _v106. |
|
| 793 | 0 |
_gDigitalia eBook Collection: _aEditorial Octaedro. |
|
| 856 | 4 | 0 |
_3Digitalia Hispánica _uhttps://www.digitaliapublishing.com/a/14741/ |
| 910 | _aPremium Collection: 2007-2012 | ||
| 942 | _cRAA | ||
| 999 |
_c233696 _d233696 |
||